Normal view
MARC view
- الحواسيب-الامن السيبراني-الفضاء السيبراني-امن الحواسيب
Entry Topical Term
001 - CONTROL NUMBER
- control field: 63437
003 - CONTROL NUMBER IDENTIFIER
- control field: JO-AjAnu
005 - DATE AND TIME OF LATEST TRANSACTION
- control field: 20230606084344.0
008 - FIXED-LENGTH DATA ELEMENTS
- fixed length control field: 230606|| aca||aabn | a|a d
040 ## - CATALOGING SOURCE
- Original cataloging agency: JO-AjAnu
- Transcribing agency: JO-AjAnu
150 ## - HEADING--TOPICAL TERM
- Topical term or geographic name entry element: الحواسيب-الامن السيبراني-الفضاء السيبراني-امن الحواسيب
670 ## - SOURCE DATA FOUND
- Source citation: Work cat.: (JO-AjAnu)32343: تاليف السالمي، علاء عبدالرزاق محمد, author 63436, المدخل الى الامن السيبراني: الفضاء السيبراني - تهديدات الفضاء السيبراني - الاسلحة السيبرانية الهجومية - وسائل مواجهة التهديدات السيبرانية - استراتيجيات الامن السيبراني